| 000 | 006290000a22001930004500 | ||
|---|---|---|---|
| 999 |
_c48089 _d48089 |
||
| 001 | 900 | ||
| 003 | CO-MdFUSB | ||
| 005 | 20180328170039.0 | ||
| 008 | 170912b xxu||||| |||| 00| 0 eng d | ||
| 020 | _a958-703-120-2 | ||
| 040 | _cCO-MdBIC | ||
| 082 | 0 | 4 | _a731 C89j |
| 100 | 1 | _aElorza M, Gustavo de | |
| 245 | 1 | 0 | _aJugando con la plastilina / Editor : Gustavo de Elorza |
| 260 | _aBogotá : Cultural Internacional Ltda. | ||
| 300 | _a72 P. | ||
| 505 | 0 | 0 | _aTomo 1 : Animales Tomo 2 : Creación de maquetas Tomo 3 : Personajes Tomo 4 : Plastilina en dos dimensiones Tomo 5 : Seres fantásticosy prehistóricos |
| 942 | _cLGB | ||